00710 2200229 4500001002100000005001700021008004100038035002400079082001000103090001700113100002100130245009600151250001100247260011200258300002500370650002200395850001500417980001300432985000600445986001400451999001500465YOGYA-0209000001408420090227022402.0 ind  0010-020900000014084 a330.1 a330.1bSag D aSAGIR, Suharsono aDemokrasi ekonomi pembinaan golongan ekonomi lemah dan ketahanan nasionalcSoeharsono Sagir aCet. 1 aBandungbBiro Penerbit Departemen Pendidikan Senat Mahasiswa Fakultas Ekonomi Yniversitas Padjadjaranc1981 a158 hlmbilusc21 cm aDemokrasi ekonomi aYOPDYOG(B) a12-07-05 a1 afwhrthrev aP000014396